Gaining and sustaining competitive advantage / (Record no. 146544)

MARC details
000 -LEADER
fixed length control field 00616nam a22002057a 4500
005 - DATE AND TIME OF LATEST TRANSACTION
control field 20171012142347.0
010 ## - LCCN (DPL NO)
LC control number ENG-120987
020 ## - INTERNATIONAL STANDARD BOOK NUMBER
Terms of availability 425.00
International Standard Book Number 9788120342323
035 ## - SYSTEM CONTROL NUMBER
System control number EN-104519
037 ## - SOURCE OF ACQUISITION
Source of stock number/acquisition DBAD/PUB
082 ## - DEWEY DECIMAL CLASSIFICATION NUMBER
Classification number 658.4
100 ## - MAIN ENTRY--PERSONAL NAME
Personal name Barney, Jay B.
245 ## - TITLE STATEMENT
Title Gaining and sustaining competitive advantage /
Statement of responsibility, etc Jay B. Barney
250 ## - EDITION STATEMENT
Edition statement 4th
260 ## - PUBLICATION, DISTRIBUTION, ETC. (IMPRINT)
Place of publication, distribution, etc New Delhi
Name of publisher, distributor, etc PHI Learning
Date of publication, distribution, etc 2011
270 ## - ADDRESS
Address M-97, Connaught Circus
City New Delhi
Postal code 110020
300 ## - PHYSICAL DESCRIPTION
Extent xi,495p.
Dimensions 25cm(Hb)
Other physical details ill
500 ## - GENERAL NOTE
General note Includes bibliographical references and index
942 ## - ADDED ENTRY ELEMENTS (KOHA)
Source of classification or shelving scheme Dewey Decimal Classification
Item type English Books
Classification part 658.4
Call number suffix BAR
Holdings
Withdrawn status Lost status Not for loan Collection code Home library Current library Date acquired Source of acquisition Cost, normal purchase price Full call number Barcode Copy number Cost, replacement price Koha item type
      Non-fiction Shahdara Branch Shahdara Branch 12/10/2017 DBAD/PUB 425.00 658.4 BAR EN-104519 1 425.00 English Books

© Delhi Public Library
Hit Counter
free hit counter